00896nam a22002657a 45000010005000000030006000050050017000110080041000280200018000690400029000870500016001160820010001321000032001422450084001742500027002582600035002853000045003205050007003655200135003725210019005075210018005266500031005446500021005757000034005964878FISKH20250820093409.0241022b cb ||||| |||| 00| 0 eng d a9780545279789 aFISKHbengcFISKHdFISKH aPE1450.B726 a428.2 aBruno, Knight Elsad(1935-) aPunctuation celebration /cby Elsa Knight Bruno illustrated by Jenny White Head aFirst printing in 2010 aNew York :bScholastic,c2010. a31 pages :bColor illustrations ;c28 cm aP  aSimple rhymes are used to explain rules of punctuation. "Parentheses' two hands are gentle, Enclosing words that aren't essential"8 a650 bLexile 8 aP bRaz-Plus  2PunctuationaLanguage arts 2FictionaWriting aWhitehead, JennydIllustrator